000 00633nam a2200277Ia 4500
005 20260324131606.0
008 008 260324s9999 xx 000 0 eng d
020 _a9780429141416
037 _aEBOOK
040 _aCRL
040 _beng
040 _cCRL
041 _2eng
041 _aeng
084 _qCRL
100 _aHung T. Nguyen
_91186085
245 3 _aAn Introduction to Random Sets
260 _bTaylor and Francis
260 _c2006
365 _a
365 _b305
856 _uhttp://www.taylorfrancis.com/books/9780429141416
942 _cEBOOK
999 _c1783399
_d1783399